| 000 | 00780cam a2200229 a 4500 | ||
|---|---|---|---|
| 001 | 000011041 | ||
| 005 | 20200929162339.0 | ||
| 008 | 700923s1970 xxcab b 001 0 eng d | ||
| 020 | _a0802052274 | ||
| 040 |
_aDO-SdBNP _cDLC _dDLC _dBNPHU |
||
| 043 |
_an-cn-bc _an-us-ak |
||
| 082 |
_annnn _bT238p |
||
| 100 | 1 |
_aTaylor, Thomas M. C., _q(Mayne Cunninghame) _d1904- _926497 |
|
| 245 | 1 | 0 |
_aPacific Northwest ferns and their allies / _cThomas M. C. Taylor. |
| 260 |
_aToronto : _bUniversity of British Columbia ; _bUniversity of Toronto Press, _c1970. |
||
| 300 |
_a247, [1] p. : _billus., maps. ; _c25 cm. |
||
| 504 | _aBibliography: p. [242]-244. | ||
| 500 | _aIncluyed index | ||
| 650 | 0 |
_aFerns _zNorthwest, Pacific. _926498 |
|
| 910 | _aCatalogación derivada | ||
| 049 | _aBNGR | ||
| 999 |
_c10773 _d10773 |
||